[Event "Steinfurt Bezirksklasse 1617"]
[Site "Germany"]
[Date "2016.11.19"]
[Round "3.3"]
[White "Nieland, Helmut"]
[Black "Weber, Stefan"]
[Result "1-0"]
[WhiteElo "1254"]
[BlackElo "1145"]
[PlyCount "53"]
[EventDate "2016.09.17"]
[EventType "team"]
[EventRounds "10"]
[EventCountry "GER"]
[SourceTitle "EXT 2018"]
[Source "ChessBase"]
[SourceDate "2017.10.13"]
[SourceVersion "1"]
[SourceVersionDate "2017.10.13"]
[SourceQuality "1"]
[WhiteTeam "Emsdetten Rochade VI"]
[BlackTeam "Reckenfeld II"]
[WhiteTeamCountry "GER"]
[BlackTeamCountry "GER"]

1. e4 e5 2. Nf3 Nc6 3. Bc4 Nf6 4. d3 Bc5 5. 0-0 0-0 6. a3 a6 7. c3 d6 8. h3 d5 9. exd5 Nxd5 10. Bg5 Qd6 11. Nbd2 Nf6 12. Bxf6 Qxf6 13. Ne4 Qg6 14. Nxc5 Bxh3 15. Nh4 Qg5 16. g3 Bxf1 17. Kxf1 b5 18. Ne4 Qe7 19. Bd5 Qd7 20. Bxc6 Qxc6 21. Nf5 g6 22. Ne7+ Kg7 23. Nxc6 Rfe8 24. Nb4 f5 25. Nd2 Red8 26. Qb3 Rxd3 27. Nxd3 1-0

[Event "Steinfurt Bezirksklasse 1516"]
[Site "Germany"]
[Date "2016.01.09"]
[Round "5.2"]
[White "Nieland, Helmut"]
[Black "Sperling, Rainer"]
[Result "1/2-1/2"]
[WhiteElo "1311"]
[BlackElo "1408"]
[PlyCount "55"]
[EventDate "2015.09.05"]
[EventType "team-tourn"]
[EventRounds "9"]
[EventCountry "GER"]
[SourceTitle "EXT 2017"]
[Source "ChessBase"]
[SourceDate "2016.10.25"]
[SourceVersion "1"]
[SourceVersionDate "2016.10.25"]
[SourceQuality "1"]
[WhiteTeam "Emsdetten Rochade VI"]
[BlackTeam "Reckenfeld II"]
[WhiteTeamCountry "GER"]
[BlackTeamCountry "GER"]

1. e4 e5 2. Nf3 Nc6 3. Bb5 d6 4. Nc3 Bd7 5. h3 Nf6 6. d3 h6 7. Be3 a6 8. Ba4 Be7 9. a3 Na5 10. Bxd7+ Qxd7 11. Qd2 Nc6 12. 0-0 0-0 13. Rad1 Rad8 14. Ne2 b5 15. Ng3 d5 16. Qc1 dxe4 17. dxe4 Qe6 18. Rxd8 Rxd8 19. Rd1 Rxd1+ 20. Qxd1 Qd7 21. Qxd7 Nxd7 22. Kf1 f6 23. Nf5 Kf7 24. Ke2 Bc5 25. Bxc5 Nxc5 26. Nd2 Ne6 27. f3 Ncd4+ 28. Nxd4 1/2-1/2

[Event "Steinfurt Bezirksklasse 1415"]
[Site "Germany"]
[Date "2015.02.21"]
[Round "6.1"]
[White "Bloem, Markus"]
[Black "Nieland, Helmut"]
[Result "1-0"]
[WhiteElo "1492"]
[BlackElo "1274"]
[PlyCount "77"]
[EventDate "2014.09.20"]
[EventType "team-tourn"]
[EventRounds "9"]
[EventCountry "GER"]
[SourceTitle "EXT 2016"]
[Source "ChessBase"]
[SourceDate "2015.10.08"]
[SourceVersion "1"]
[SourceVersionDate "2015.10.08"]
[SourceQuality "1"]
[WhiteTeam "Ibbenbueren III"]
[BlackTeam "Emsdetten Turm IV"]
[WhiteTeamCountry "GER"]
[BlackTeamCountry "GER"]

1. e4 c5 2. Nf3 d6 3. d4 cxd4 4. Nxd4 Nf6 5. Nc3 a6 6. Be3 Nc6 7. Nb3 g6 8. Qd2 Bg7 9. 0-0-0 0-0 10. Be2 Bg4 11. f3 Be6 12. g4 Ne5 13. g5 Nfd7 14. f4 Nc4 15. Bxc4 Bxc4 16. h4 Rc8 17. h5 Bxc3 18. bxc3 f6 19. hxg6 hxg6 20. Qh2 Kf7 21. Qh7+ Ke8 22. Qxg6+ Rf7 23. Rh7 Nf8 24. Rh8 Kd7 25. Qh5 Kc7 26. g6 Rg7 27. f5 Qd7 28. Rd4 Qb5 29. Qh6 Rg8 30. Rxg8 Bxg8 31. Qg7 Bxb3 32. axb3 Qe8 33. Rc4+ Kb8 34. Rxc8+ Qxc8 35. Qxe7 Nd7 36. Qxd6+ Ka8 37. Qd4 b6 38. Qd5+ Kb8 39. g7 1-0

[Event "Steinfurt Bezirksklasse 1314"]
[Site "Germany"]
[Date "2014.05.03"]
[Round "8.2"]
[White "Wehner, Siegfried"]
[Black "Nieland, Helmut"]
[Result "1/2-1/2"]
[WhiteElo "1383"]
[BlackElo "1300"]
[PlyCount "43"]
[EventDate "2013.10.05"]
[EventType "team-tourn"]
[EventRounds "9"]
[EventCountry "GER"]
[SourceTitle "EXT 2015"]
[Source "ChessBase"]
[SourceDate "2014.11.20"]
[SourceVersion "1"]
[SourceVersionDate "2014.11.20"]
[SourceQuality "1"]
[WhiteTeam "Reckenfeld II"]
[BlackTeam "Emsdetten Turm IV"]
[WhiteTeamCountry "GER"]
[BlackTeamCountry "GER"]

1. Nf3 e6 2. g3 b6 3. Bg2 Bb7 4. 0-0 Nf6 5. d3 d5 6. Bg5 Be7 7. Nbd2 Nbd7 8. c3 0-0 9. Re1 h6 10. Bxf6 Bxf6 11. d4 Rc8 12. e4 c5 13. e5 Be7 14. Rc1 cxd4 15. cxd4 Re8 16. Nb3 Nf8 17. Qd2 a5 18. Rxc8 Qxc8 19. Rc1 Qd7 20. a3 Rc8 21. Rxc8 Qxc8 22. Qc1 1/2-1/2